000 00337nam a2200133Ia 4500
008 151001s9999||||xx |||||||||||||| ||und||
100 _aज द जोगळेकर
245 _aमुक्ततेसाठी झेप
250 _a1
260 _bमेघना
260 _c2007
300 _a139
365 _b21
999 _c988369
_d988366